00529nam a22001937b 4500003000500000005001700005008004100022020002600063040002400089041001400113082001300127100002600140245003900166260004900205300002200254655001800276655002200294655001900316322820260407121439.0260407b sa ||||j |||| 00| 1 AFR d a0868149470 (hardback) aMPLbengc2000erda aAfrikaans 0aATF PAUW aPauw, Nanda eauthor aAvonture op Hugosdal /cNanda Pauw aPretoria :bDaan Retief Uitgewers ,c©1983. a96 pages :c21 cm 0aYouth Fiction 0aAdventure Stories 0aSchool Stories